Statystyki dla 15 najmniejszych państw

Kliknij tutaj aby rozwiązać quiz!

Ogólne statystyki

  • Ten quiz został rozwiązany 70 razy
  • Średni wynik to 7 z 15

Statystyki odpowiedzi

powierzchnia (km2)państwo% Poprawnych
0,44watykan
99%
61san marino
88%
160liechtenstein
75%
2monako
75%
316Malta
59%
21nauru
43%
26tuvalu
40%
181Wyspy Marshalla
31%
298Malediwy
29%
261Saint Kitts i Nevis
29%
244Grenada
24%
389Saint Vincent i Grenadyny
24%
442Antigua i Barbuda
22%
430Barbados
22%
455Seszele
22%

Rozkład punktacji

Percentyl według liczby udzielonych odpowiedzi

Procent ludzi z każdym wynikiem

Twoja historia wyników

Nie rozwiązałeś tego quizu